000 00342pab a2200133 454500
008 180718b1991 xxu||||| |||| 00| 0 eng d
245 _aFreeing the economy
_bA symposium on an alternative economic strategy
260 _c1991
300 _a12-56
362 _aApr.
650 _aIndia - Economic Policy
773 _aSeminar
909 _a10817
999 _c10817
_d10817